000
00290nam a22001337a 4500
008
170315b xxu||||| |||| 00| 0 eng d
020
_a
9780781742559
041
_a
eng
080
_2
11TH
_a
611
100
_a
7
101
_a
SHM
245
_a
ATLAS OF ANATOMY
_c
AGUR, A.M,R
942
_2
udc
_c
BK
999
_c
7875
_d
7875